000 00752nas a2200253 4500
001 BR7705097
003 BR-BrBNA
005 20231205083241.0
007 ta
008 230509b bl.|||p| |||| 00| 00por d
040 _aBR-BrBNA
_bpor
_cBiblioteca Nacional de Agricultura
041 _a(Pt)
072 _aF28
100 1 _aMorais, J.O. de
245 1 _aEvolucao sedimentar da area adjacente ao Porto de Itaqui, Estado do Maranhao, Brasil
650 _aAREIA
650 _aSEDIMENTACAO
650 _aARGILA
650 _aTEXTURA DO SOLO
650 _aMARANHAO
773 0 _tArquivos de Ciencias do Mar (Brazil)
_xISSN 0374-5686
_g(Dec 1977), v. 17(2) p. 143-151
_wBR7705097
909 _a202311
_bLúcia
_c55
_dLúcia Elande
942 _2AGRIS
_n0
_cANA
999 _c97466
_d97466